The oxford companion to economics in India / (Record no. 11807)
[ view plain ]
| 000 -LEADER | |
|---|---|
| fixed length control field | 02043 a2200349 4500 |
| 005 - DATE AND TIME OF LATEST TRANSACTION | |
| control field | 20090519140548.0 |
| 008 - FIXED-LENGTH DATA ELEMENTS--GENERAL INFORMATION | |
| fixed length control field | 090519t xxu||||| |||| 00| 0 eng d |
| 010 ## - LCCN (DPL NO) | |
| LC control number | ENG-90014 B-309888-890, B-317943 |
| 020 ## - INTERNATIONAL STANDARD BOOK NUMBER | |
| International Standard Book Number | 0195693523 |
| Terms of availability | 2950.00 |
| 020 ## - INTERNATIONAL STANDARD BOOK NUMBER | |
| International Standard Book Number | 9780195693522 |
| Terms of availability | 2950.00 |
| 035 ## - SYSTEM CONTROL NUMBER | |
| System control number | EN-73547 |
| 035 ## - SYSTEM CONTROL NUMBER | |
| System control number | B-309888-890 |
| 035 ## - SYSTEM CONTROL NUMBER | |
| System control number | B-317943 |
| 037 ## - SOURCE OF ACQUISITION | |
| Source of stock number/acquisition | DBAD / PUB |
| 040 ## - CATALOGING SOURCE | |
| Original cataloging agency | dpl |
| Language of cataloging | English |
| 082 ## - DEWEY DECIMAL CLASSIFICATION NUMBER | |
| Classification number | 330.954 |
| 245 ## - TITLE STATEMENT | |
| Title | The oxford companion to economics in India / |
| Statement of responsibility, etc | edited by Kaushik Basu |
| 250 ## - EDITION STATEMENT | |
| Edition statement | rev ed |
| 260 ## - PUBLICATION, DISTRIBUTION, ETC. (IMPRINT) | |
| Place of publication, distribution, etc | New Delhi |
| Name of publisher, distributor, etc | Oxford University Press |
| Date of publication, distribution, etc | 2008 |
| 270 ## - ADDRESS | |
| Address | YMCA Library Building, Jai Singh Road |
| City | New Delhi |
| State or province | Delhi |
| Postal code | 110001 |
| 300 ## - PHYSICAL DESCRIPTION | |
| Extent | x, 614p. |
| Dimensions | 27cm( Hb) |
| Accompanying material | CD-ROM |
| 500 ## - GENERAL NOTE | |
| General note | Includes index |
| 700 ## - ADDED ENTRY--PERSONAL NAME | |
| Personal name | Basu, Kaushik |
| 942 ## - ADDED ENTRY ELEMENTS (KOHA) | |
| Institution code [OBSOLETE] | dpl |
| Item type | English Books |
| Source of classification or shelving scheme | Dewey Decimal Classification |
| Classification part | 330.954 |
| Call number suffix | OXF |
| Withdrawn status | Lost status | Source of classification or shelving scheme | Damaged status | Not for loan | Home library | Current library | Date acquired | Cost, normal purchase price | Total Checkouts | Barcode | Date last seen | Cost, replacement price | Koha item type | Collection code | Source of acquisition | Full call number | Copy number | Public note |
|---|---|---|---|---|---|---|---|---|---|---|---|---|---|---|---|---|---|---|
| Dewey Decimal Classification | Central Library | Central Library | 19/05/2009 | 2950.00 | B-309888 | 19/05/2009 | 2950.00 | English Books | Non-fiction | UBS/8475/3.1.09/248/12.12.08/7.1.09 | 330.954 OXF | 1 | ||||||
| Dewey Decimal Classification | Andrews Gunj | D.B.Act.Division | 01/10/2008 | 2950.00 | EN-73547 | 15/09/2008 | 2950.00 | English Books | ||||||||||
| Written off | Dewey Decimal Classification | Janak Puri | Janak Puri | 19/05/2009 | 2950.00 | B-317943 | 19/05/2009 | 2950.00 | English Books | Reference | Pansy Books/942/29.9.09/92/4.9.09/29.9.09 | 330.954 OXF | 1 | Written off on approval by DLB (By Circulation); dtd 15-06-2023 | ||||
| Dewey Decimal Classification | Patel Nagar | Patel Nagar | 19/05/2009 | 2950.00 | B-309889 | 19/05/2009 | 2950.00 | English Books | Non-fiction | UBS/8475/3.1.09/248/12.12.08/7.1.09 | 330.954 OXF | 1 | ||||||
| Dewey Decimal Classification | Sarojini Nagar | Sarojini Nagar | 19/05/2009 | 2950.00 | 10 | B-309890 | 22/06/2015 | 2950.00 | English Books | Non-fiction | UBS/8475/3.1.09/248/12.12.08/7.1.09 | 330.954 OXF | 1 |
